The all-Pakistan legal decisions (PLD) 1984 (Record no. 566193)
[ view plain ]
| 000 -LEADER | |
|---|---|
| fixed length control field | 00781nam a2200265 4500 |
| 001 - CONTROL NUMBER | |
| control field | 1256553 |
| 003 - CONTROL NUMBER IDENTIFIER | |
| control field | NUST |
| 005 - DATE AND TIME OF LATEST TRANSACTION | |
| control field | 20210616092010.0 |
| 008 - FIXED-LENGTH DATA ELEMENTS--GENERAL INFORMATION | |
| fixed length control field | 731001s1953 pk 001 0 eng |
| 010 ## - LIBRARY OF CONGRESS CONTROL NUMBER | |
| LC control number | 73173044 |
| 038 ## - RECORD CONTENT LICENSOR | |
| Staff Name | Arshad |
| 040 ## - CATALOGING SOURCE | |
| Original cataloging agency | DLC |
| Transcribing agency | DLC |
| Modifying agency | DLC |
| 043 ## - GEOGRAPHIC AREA CODE | |
| Geographic area code | a-pk--- |
| 050 00 - LIBRARY OF CONGRESS CALL NUMBER | |
| Classification number | LAW |
| 082 00 - DEWEY DECIMAL CLASSIFICATION NUMBER | |
| Classification number | 348.5491044 |
| Author Mark | ALL |
| 100 1# - MAIN ENTRY--PERSONAL NAME | |
| Personal name | Hamid, Abdul, |
| Titles and words associated with a name | kazi. |
| 245 14 - TITLE STATEMENT | |
| Title | The all-Pakistan legal decisions (PLD) 1984 |
| Statement of responsibility, etc. | Editors: Abdul Hamid [and] Muhammad Ashraf. |
| 260 ## - PUBLICATION, DISTRIBUTION, ETC. | |
| Place of publication, distribution, etc. | Lahore, |
| Name of publisher, distributor, etc. | All-Pakistan Legal Decision, |
| Date of publication, distribution, etc. | 1984 |
| 300 ## - PHYSICAL DESCRIPTION | |
| Extent | 5 v. |
| Dimensions | 26 cm. |
| 563 ## - BINDING INFORMATION | |
| Binding note | HBK |
| 650 #0 - SUBJECT ADDED ENTRY--TOPICAL TERM | |
| Topical term or geographic name entry element | Law reports, digests, etc. |
| Geographic subdivision | Pakistan. |
| 700 1# - ADDED ENTRY--PERSONAL NAME | |
| Personal name | Ashraf, Mohammad, |
| Relator term | joint author. |
| 9 (RLIN) | 55141 |
| 906 ## - LOCAL DATA ELEMENT F, LDF (RLIN) | |
| a | 7 |
| b | cbc |
| c | orignew |
| d | 3 |
| e | ncip |
| f | 19 |
| g | y-gencatlg |
| 942 ## - ADDED ENTRY ELEMENTS (KOHA) | |
| Source of classification or shelving scheme | |
| Koha item type | Reference |
| Serial record | 1 |
| Withdrawn status | Lost status | Source of classification or shelving scheme | Damaged status | Not for loan | Permanent Location | Current Location | Shelving location | Date acquired | Serial Enumeration / chronology | Full call number | Barcode | Date last seen | Price effective from | Koha item type |
|---|---|---|---|---|---|---|---|---|---|---|---|---|---|---|
| NUST Law School (NLS) | NUST Law School (NLS) | Periodicals | 06/16/2021 | Vol. XXXVI, No. 1 | 348.5491044 ALL | CL-L-109 | 06/16/2021 | 06/16/2021 | Reference | |||||
| NUST Law School (NLS) | NUST Law School (NLS) | Periodicals | 06/16/2021 | Vol. XXXVI, No. 2 | 348.5491044 ALL | CL-L-110 | 06/16/2021 | 06/16/2021 | Reference | |||||
| NUST Law School (NLS) | NUST Law School (NLS) | Periodicals | 06/16/2021 | Vol. XXXVI, No. 3 | 348.5491044 ALL | CL-L-111 | 06/16/2021 | 06/16/2021 | Reference | |||||
| NUST Law School (NLS) | NUST Law School (NLS) | Periodicals | 06/16/2021 | Vol. XXXVI, No. 4 | 348.5491044 ALL | CL-L-112 | 06/16/2021 | 06/16/2021 | Reference | |||||
| NUST Law School (NLS) | NUST Law School (NLS) | Periodicals | 06/16/2021 | Vol. XXXVI, No. 5 | 348.5491044 ALL | CL-L-113 | 06/16/2021 | 06/16/2021 | Reference |
